00276nam a2200097Ia 4500082001900000245006200019100003000081942000700111008004100118999001900159 a796.33968 DUPR 0aBoots en brannewyn : snaakse stories uit die rugbywereld  a DU PREEZ, Frik 9111865 cBK210825s9999 xx 000 0 und d c528680d528679